000 00812nam a22002537a 4500
003 DO-SdBNP
005 20210414131808.0
008 210414b 1999 dr 00| 0 spa d
020 _a849305299X
040 _aBPMSU
_bSpa
_cBPMSU
082 _aRD863.44
_bR621r,1999
_222
100 1 _aRivera Aybar, Ricardo
245 1 _aEl Reino de Mandinga /
_cRicardo Rivera Aybar ; cuidado de la edición Tomás Castro Burdiez
250 _a2a.ed.
260 _aSanto Domingo :
_bLibreria La Trinitaria ,
_c1999
300 _a321 p.;
_c21 cm.
500 _aIncluyes datos biográficos del autor en la solapa de la cubierta
590 _aInventariado, 2021, MC
650 4 _aNovela dominicana
650 4 _aLiteratura dominicana
700 1 _a Castro Burdiez,Tomás
_eed.
910 _aMCabrera /VMateo
942 _2ddc
_cBK
999 _c13419
_d13419